Manual práctico para el buen uso de los test psicológicos (Registro nro. 21667)
[ vista simple ]
| 000 -Cabecera | |
|---|---|
| Campo de control interno | 01044nam a2200253Ia 4500 |
| 005 - Fecha y hora del registro | |
| control field | 20260417120931.0 |
| 008 - Elementos de Longitud Fija | |
| fixed length control field | 260320s9999||||xx |||||||||||||| ||und|| |
| 020 ## - ISBN | |
| ISBN | 9788436850222 |
| 041 ## - Idioma | |
| Codigo Idioma | ESP |
| 082 ## - DEWEY y NOTACIÓN INTERNA | |
| Dewey | 155.28 |
| Notación Interna | S25 |
| 100 ## - AUTOR | |
| Autor denominación | Santamaría Fernández, Pablo, |
| Término de relación | autor |
| 245 #0 - TÍTULO DE MATERIAL BIBLIOGRÁFICO | |
| Título | Manual práctico para el buen uso de los test psicológicos |
| 260 ## - CIUDAD, EDITORIAL, AÑO | |
| Ciudad | Madrid : |
| Nombre de la Editorial | Ediciones Pirámide, |
| Año | 2025 |
| 300 ## - DESCRIPCIÓN | |
| N° Páginas | 245 páginas : |
| Otros detalles | tablas, gráficos ; |
| Dimensiones | 24 cm. |
| 440 ## - MENCIÓN DE SERIE | |
| Título de la Serie | (Colección Psicología. Manuales prácticos) |
| 650 ## - TEMAS | |
| Temas | Psicología |
| 653 ## - DESCRIPTORES | |
| Lenguajes no controlado | Evaluación psicológica - Psicología; Psicometría |
| 654 ## - PROGRAMAS | |
| Programa | Dpto. de Psicología |
| 700 ## - OTROS AUTORES | |
| Otros autores | Vicente Colomina, Aída de, |
| Títulos y otras palabras asociadas con el nombre | autor |
| 856 ## - URL - UBICACIÓN | |
| URI/URL: Enlace exacto del recurso | <a href="https://0u20vwvic-y-https-ebookcentral-proquest-com.itmsp.museknowledge.com/lib/catolicasp/home.action">https://0u20vwvic-y-https-ebookcentral-proquest-com.itmsp.museknowledge.com/lib/catolicasp/home.action</a> |
| Nota pública: Versión digital | <a href="Véase además: Base de datos ProQuest Ebook Central">Véase además: Base de datos ProQuest Ebook Central</a> |
| 856 ## - URL - UBICACIÓN | |
| URI/URL: Enlace exacto del recurso | <a href="https://0u20fwvpk-y-https-research-ebsco-com.itmsp.museknowledge.com/c/qxo6us/search">https://0u20fwvpk-y-https-research-ebsco-com.itmsp.museknowledge.com/c/qxo6us/search</a> |
| Nota pública: Versión digital | <a href="Véase además: Base de datos EBSCOhost">Véase además: Base de datos EBSCOhost</a> |
| 942 ## - ELEMENTOS DE KOHA | |
| Tipo de documento | Libro |
| Nombre del creador | Justo Noguera |
| Código de catalogador | Margarita Torres |
| Esquema de clasificación | Dewey Decimal Classification |
| Codigo completo | Registro | Colección | Copia número | Disponibilidad | Tipo de préstamo | Biblioteca Actual | Procedencia (Biblioteca) | Ubicacón | Fecha Ingreso | Tipo de Adquisición | Date last seen | Total checkouts | Price effective from | Tipo de Item | Estado del Material | Fuente de Clasificación | Damaged status | Withdrawn status |
|---|---|---|---|---|---|---|---|---|---|---|---|---|---|---|---|---|---|---|
| 155.28 S25 | 1085213 | Universidad Católica San Pablo | 1 | Disponible | Disponible | Víctor Andrés Belaunde | Víctor Andrés Belaunde | Planta baja cerrada | 30/03/2026 | Compra | 30/03/2026 | 30/03/2026 | Libro | Bueno | Dewey Decimal Classification | |||
| 155.28 S25 | 1085214 | Universidad Católica San Pablo | 2 | Disponible | Disponible | Víctor Andrés Belaunde | Víctor Andrés Belaunde | Planta baja cerrada | 30/03/2026 | Compra | 30/03/2026 | 30/03/2026 | Libro | Bueno | Dewey Decimal Classification |




